000 01214cam a2200277Ii 4500
001 cutcocookbook00mitc
003 CaSfIA
005 20210118000722.0
007 cr||||
008 750806s1972 ohua 001 0 eng d
040 _aIWU
_cIWU
_dLSM
_dCaSfIA
019 _a5251970
035 _a(OCoLC)1517680
_z(OCoLC)5251970
090 _aTX715
_b.M677
092 _a641.58
_bMit
100 1 _aMitchell, Margaret.
245 1 0 _aCutco cook book /
_h[electronic resource]
_cby Margaret Mitchell.
260 _aChillicothe, O. :
_bCutco Division, Wear-ever Aluminum,
_cc1972.
300 _a128 p. :
_bill. (part col.) ;
_c22 cm.
650 0 _aCookery.
856 4 1 _uhttp://www.archive.org/details/cutcocookbook00mitc
_zFree eBook from the Internet Archive
856 4 2 _uhttp://www.openlibrary.org/books/OL24204523M
_zAdditional information and access via Open Library
942 _cEB
506 _fНеобхідна авторизація на https://archive.org/ (створення облікового запису безкоштовно)
506 _fНеобхідна авторизація на https://openlibrary.org/ (створення облікового запису безкоштовно)
999 _c485998
_d485998